बम लहरी/ (Record no. 214894)

MARC details
000 -LEADER
fixed length control field 00646nam a2200181 4500
010 ## - LCCN (DPL NO)
LC control number HIN-131123
020 ## - INTERNATIONAL STANDARD BOOK NUMBER
International Standard Book Number 9788186336755
035 ## - SYSTEM CONTROL NUMBER
System control number HN-103469
037 ## - SOURCE OF ACQUISITION
Source of stock number/acquisition DBAD
082 ## - DEWEY DECIMAL CLASSIFICATION NUMBER
Classification number 181.432
100 ## - MAIN ENTRY--PERSONAL NAME
Personal name सत्यानन्द स्वामी
245 ## - TITLE STATEMENT
Title बम लहरी/
Statement of responsibility, etc स्वामी सत्यानन्दसरस्वती
250 ## - EDITION STATEMENT
Edition statement
260 ## - PUBLICATION, DISTRIBUTION, ETC. (IMPRINT)
Place of publication, distribution, etc बिहार
Name of publisher, distributor, etc योग प्रकाशन
Date of publication, distribution, etc 2009
270 ## - ADDRESS
Address 4695,21-ए, दरियागंज,
City मुंगेर
300 ## - PHYSICAL DESCRIPTION
Extent 267पृ.
Dimensions 29सेमी (सजिल्द)
Other physical details
942 ## - ADDED ENTRY ELEMENTS (KOHA)
Source of classification or shelving scheme Dewey Decimal Classification
Item type Hindi Books
Classification part 181.432
Holdings
Withdrawn status Lost status Not for loan Collection code Home library Current library Date acquired Source of acquisition Full call number Barcode Copy number Koha item type
    Not For Loan Reference Central Library Central Library 24/02/2026 DBAD 181.432 HN-103469 1 Hindi Books

© Delhi Public Library
Hit Counter
free hit counter